| 000 | 00761nmc a2200277 a 4500 | ||
|---|---|---|---|
| 003 | AR-BaBNM | ||
| 005 | 20251128204545.0 | ||
| 008 | 011101s1992 ||||||||||||||000 | spa|| | ||
| 020 | _a950-701-130-7 | ||
| 040 | _cAR-BaBNM | ||
| 100 | 1 | _aDel Rosso, María Matilde | |
| 245 | 1 | 0 |
_aLa tarea de corregir _blos trabajos de lengua |
| 260 |
_aBuenos Aires _bAique _c1992 |
||
| 300 | _a101 p. | ||
| 490 | 0 | _aSerie de la palabra | |
| 500 | _aContiene ejercicios de aplicación | ||
| 650 | 4 | _aENSENANZA DE LA ORTOGRAFIA | |
| 650 | 4 | _aSINTAXIS | |
| 650 | 4 | _aENSENANZA DE LA ESCRITURA | |
| 650 | 4 | _aSEMANTICA | |
| 650 | 4 | _aGRAMATICA | |
| 650 | 4 | _aACTIVIDADES DE APRENDIZAJE | |
| 653 | _aCORRECCION DE TRABAJOS ESCOLARES | ||
| 942 | _cBK | ||
| 998 | _cGrace | ||
| 999 |
_c7915 _d7915 |
||